01663nam a2200169 a 4500008004100000020001800041041000800059100002300067245006800090250002100158260003800179300001100217500012100228505110300349655001501452700002601467180524e2013 cl ||||g |||| 00| 1 spa d a9789563003451 aspa1 aOrtega, Francisco. aMochadick.bLa leyenda de la ballena blanca /cFrancisco Ortega a1a ed. 1a reimp. aSantiago de Chile:bNorma;c2013. a142 p. aOrtega, F. y Martínez, G. (2013). Mochadick. La leyenda de la ballena blanca. (1a ed.). Santiago de Chile : Norma. aAl cumplir 15 años Caleb Hienam, hijo de un empresario ballenero, realiza su primer viaje para aprender el oficio familiar. En el barco conoce a Aliro Leftraru, uno de los marineros, descendiente del pueblo mapuche. Cuando el barco en el que trabajan se tope con un bote ballenero cargado con los sobrevivientes del ataque de una mostruosa ballena blanca, Caleb y Aliro conocerán la leyenda mapuche de la Mocha y darán forma a un plan para evitar la caza indiscriminada de ballenas en el Pacífico. Ayudados por Duncan Sheffield, una naturalista escocés, los amigos abordarán una nueva nave ballenera, el Peleg, donde conocerán a Joe, un extraño marinero, y vivirán una peligrosa aventura. Los mitos y leyendas de la isla Mocha, la vida de los barcos balleneros que surcaron los mares del sur durante el siglo XIX, los métodos de caza de la ballena y su evolución -que generó verdaderas matanzas en masa- y la historia de Movi Dick, la ballena blanca más famosa de la literatura, se unen en esta increíble novela gráfica. Una aventura para leer, mirar y volver a leer.  aLiteratura1 aMartínez, Gonzalo.